Ebrio, drogado, brillante, muerto = Drunk Stoned Brilliant Dead : The Story of the National Lampoon /
Guardado en:
| Hovedforfatter: | |
|---|---|
| Andre forfattere: | , , , , , |
| Format: | |
| Sprog: | engelsk |
| Fag: | |
| Tags: |
Ingen Tags, Vær først til at tagge denne postø!
|
MARC
| LEADER | 00000ngm^a2200000^a^4500 | ||
|---|---|---|---|
| 001 | 000440636 | ||
| 005 | 20250521000000.0 | ||
| 008 | 220422 20162016 | ||
| 009 | 20260310123342.113 | ||
| 037 | |a Acervo ITESO - Biblioteca | ||
| 041 | |a ING | ||
| 082 | |a 302. 232410973 |b TIR | ||
| 100 | |a Tirola, Douglas |e (realización) | ||
| 245 | 1 | 0 | |a Ebrio, drogado, brillante, muerto = |b Drunk Stoned Brilliant Dead : The Story of the National Lampoon / |c Realización de D. Tirola. |
| 246 | 2 | |a Título en México: Drunk Stoned Brilliant Dead: The Story of the National Lampoon | |
| 246 | 2 | |a Título en la pantalla: Ebrio, drogado, brillante, muerto | |
| 246 | 2 | |a Título en la cubierta: Drunk Stoned Brilliant Dead: The Story of the National Lampoon | |
| 264 | 2 | |a Los Angeles, EUA : |b Magnolia Pictures [distribución], |c 2016, c2016 | |
| 300 | |a 1 blu-ray región A (95 min.) : |b color | ||
| 336 | |a imagen móvil bidimensional |b tdi |2 rdacontenido | ||
| 337 | |a video |b v |2 rdamedio | ||
| 338 | |a videodisco |b vd |2 rdasoporte | ||
| 546 | |a En inglés, con subtítulos opcionales: español, inglés | ||
| 649 | |a XX | ||
| 650 | |a Documentales | ||
| 650 | |a Cine Norteamericano - |y 2010-2019 | ||
| 650 | |a Cine Norteamericano - |y Siglo XXI | ||
| 650 | |a Parodias - |z EUA - |x Historia y Crítica | ||
| 650 | |a Sátira - |z EUA - |x Historia y Crítica | ||
| 650 | |a Humor - |x Publicaciones Periódicas Norteamericanas - |x Historia y Crítica - |x Tema Principal | ||
| 650 | |a Historietas y Caricaturas de Temas Sexuales - |z EUA - |x Historia y Crítica | ||
| 650 | |a Historietas y Caricaturas de Temas Políticos y Sociales - |z EUA - |x Historia y Crítica | ||
| 650 | |a Historietas y Caricaturas de Humor Negro - |z EUA - |x Historia y Crítica | ||
| 650 | |a Historietas y Caricaturas de Humor - |z EUA - |x Historia y Crítica | ||
| 650 | |a Historietas y Caricaturas Norteamericanas - |x Historia y Crítica | ||
| 650 | |a Revistas - |z EUA - |x Historia - |y Siglo XX - |x Tema Principal | ||
| 650 | |a Publicaciones Periódicas Norteamericanas - |x Historia - |y Siglo XX - |x Tema Principal | ||
| 650 | |a Medios Impresos - |z EUA - |x Historia - |y Siglo XX | ||
| 650 | |a Medios de Comunicación - |z EUA - |x Historia - |y Siglo XX | ||
| 650 | |a Cultura Popular - |z EUA - |x Historia - |y Siglo XX | ||
| 650 | |a Comunicación Visual - |z EUA - |x Historia - |y Siglo XX | ||
| 650 | |a Comunicación Masiva - |z EUA - |x Historia - |y Siglo XX | ||
| 650 | |a Comunicación - |z EUA - |x Historia | ||
| 700 | |a Monroe, Mark |e (guión) | ||
| 700 | |a Tirola, Douglas |e (guión) | ||
| 700 | |a Allen, David |e (fotógrafo) | ||
| 700 | |a Krings, Joseph |e (montaje) | ||
| 700 | |a Martínez, G. Jesse |e (montaje) | ||
| 700 | |a Jacobs, Bryce |e (música) | ||
| 910 | |a Fondo General | ||
| 920 | |a Audiovisuales - Blu-rays | ||
| 940 | |a Películas | ||
| 905 | |a 303 | ||
| 901 | |a 0500365455 |b IT2 |c BRS |i C175928 |u 20250521 | ||
| 902 | |a https://opac.biblio.iteso.mx/vufind/Record/000440636 | ||